LEADER 01173nam a2200229 u 4500 001 000000077208 003 CaOOAMICUS 005 20070226123309.0 008 040122q1851 be a u000 u fre u 035 $a10981800 040 $aPUL(R)$bita 100 1 $aLaforet, Nicolas Joseph,$csac.,$d1823-1872.$0(OLS)http://pul/name/9212 245 10$aEtudes dur la civlisation euroéenne considerée dans ses rapports avec le christianisme /$cpar N. J. Laforet .. 260 $aBruxelles :$bSociété pour lémancipation intellectuelle :$bA. Jamar,$c[1851] 300 $a200 p. :$bant. (ritr.) ;$c17 cm 650 4$aCristianesimo$zEuropa.$0(OLS)http://pul/subject/26759 651 4$aEuropa$xCiviltà$ySec. XIX.$0(OLS)http://pul/subject/26848 850 $aPUL 852 $aPUL$W1$xDP1 Antico 800$y27$m137 A 17$j99230$nBK-PRI$b $qStampati Antico$B99230$CPULBib$Z2$F99230 $H $81 941 1 $a15 996 $6245$aEtudes dur la civlisation euroéenne considerée dans ses rapports avec le christianisme$9(OLS)http://pul/title/101249 996 $6260$aBruxelles :$bSociété pour lémancipation intellectuelle :$bA. Jamar$9(OLS)http://pul/publisher/74996 LEADER 01275nam a2200265 a 4500 001 000000145518 003 CaOOAMICUS 005 20150908112910.0 008 150908s2014 it frm l000 0 ita d 040 $aPUL$bita 100 1 $aCappelletto, Maria.$0(OLS)http://pul/name/93165 245 13$aLa diaconia della donna nella Pastorale della salute /$cMaria Cappelletto. 260 $aRomae :$b[s.n.],$c2015. 300 $a216 p.$c24 cm 502 $aEstratto da Tesi di Dottorato in Teologia Pastorale Sanitaria-- Institutum Internationale Pastoralis Sanitariae Camillianum, 2014. 504 $aBibliografia: p.177-208. 650 4$aTeologia pastorale sanitaria.$0(OLS)http://pul/subject/18986 650 4$aDonne e Teologia pastorale sanitaria.$0(OLS)http://pul/subject/42062 710 1 $aPontificia Università Lateranense. Facoltà di Teologia. Institutum Internationale Theologiae pastoralis sanitariae Camillianum.$0(OLS)http://pul/name/93164 850 $aPUL 852 $aPUL$W1$xDP1 Tesi Camillianum$y123$m2014 B 1$j158825$qTesi$B172242$CPULBib$Z2$F172242 $82 941 1 $a16 996 $6245$aLa diaconia della donna nella Pastorale della salute$9(OLS)http://pul/title/184025 996 $6260$aRomae :$b[s.n.]$9(OLS)http://pul/publisher/48223